[Event "Pribina - TPK Cup   Mistrovství ÈR junio"]
[Site "Havlíèkùv Brod - hotel Slunce"]
[Date "2012.11.29"]
[Round "7.1"]
[White "Kraus, Tomáš"]
[Black "Výprachtický, David"]
[Result "1-0"]
[WhiteElo "2290"]
[BlackElo "2092"]
[PlyCount "73"]
[EventDate "2012.11.25"]

1. Nf3 c5 2. g3 Nc6 3. d4 cxd4 4. Nxd4 e5 5. Nb5 Qa5+ 6. N1c3 a6 7. Nd6+ Bxd6
8. Qxd6 Qb4 9. Qd1 Nf6 10. Bg2 d5 11. a3 Qd4 12. Nxd5 Nxd5 13. Bxd5 Bh3 14. c4
Rd8 15. Qb3 Qa7 16. Be3 Qa8 17. Bc5 Qc8 18. Rd1 h5 19. Qe3 Qf5 20. f3 Rd7 21.
Kf2 h4 22. Be4 Qf6 23. b4 Be6 24. Bxc6 bxc6 25. Rxd7 Bxd7 26. g4 Bxg4 27. Rg1
Be6 28. b5 axb5 29. cxb5 cxb5 30. Qe4 h3 31. Qb7 Qh4+ 32. Rg3 Rh5 33. Qxb5+ Bd7
34. Qb8+ Qd8 35. Rxg7 Rh8 36. Qxe5+ Be6 37. Rg4 1-0

[Event "Pribina - TPK Cup   Mistrovství ÈR junio"]
[Site "Havlíèkùv Brod - hotel Slunce"]
[Date "2012.11.29"]
[Round "7.4"]
[White "Gabriel, Adam"]
[Black "Stárek, Stanislav"]
[Result "1/2-1/2"]
[WhiteElo "2129"]
[BlackElo "2013"]
[PlyCount "43"]
[EventDate "2012.11.25"]

1. Nf3 Nf6 2. g3 g6 3. Bg2 Bg7 4. O-O O-O 5. c4 c5 6. Nc3 Nc6 7. d4 d5 8. dxc5
dxc4 9. Qa4 Qa5 10. Qxc4 Be6 11. Qb5 Nd7 12. Qxa5 Nxa5 13. Be3 Nc4 14. Ng5 Nxe3
15. Nxe6 Nxf1 16. Nxf8 Kxf8 17. c6 bxc6 18. Rxf1 Nb6 19. Rc1 Rd8 20. Rd1 c5 21.
Kf1 Na4 22. b3 1/2-1/2

[Event "Pribina - TPK Cup   Mistrovství ÈR junio"]
[Site "Havlíèkùv Brod - hotel Slunce"]
[Date "2012.11.29"]
[Round "7.5"]
[White "Braun, Marek"]
[Black "Ptáèek, Tomáš"]
[Result "1-0"]
[WhiteElo "2232"]
[BlackElo "2007"]
[PlyCount "60"]
[EventDate "2012.11.25"]

1. e4 e6 2. d3 d5 3. Nd2 c5 4. Ngf3 Nc6 5. g3 g6 6. Bg2 Bg7 7. O-O Nge7 8. c3
O-O 9. Re1 Qc7 10. Qe2 b6 11. e5 g5 12. h3 Ng6 13. Nb3 Ncxe5 14. Bxg5 Ba6 15.
Nxe5 Qxe5 16. Qg4 Qd6 17. d4 cxd4 18. Nxd4 Rae8 19. h4 f5 20. Qf3 f4 21. h5 Ne5
22. Qd1 Nd3 23. h6 fxg3 24. f4 Bxd4+ 25. cxd4 Rxf4 26. Qh5 Ref8 27. Re3 Rxd4
28. Bh4 Rf5 29. Qe8+ Rf8 30. Rxg3+ Qxg3 1-0

[Event "Pribina - TPK Cup   Mistrovství ÈR junio"]
[Site "Havlíèkùv Brod - hotel Slunce"]
[Date "2012.11.29"]
[Round "7.6"]
[White "Hošek, Martin"]
[Black "Straka, Vojtìch"]
[Result "0-1"]
[WhiteElo "2027"]
[BlackElo "2285"]
[PlyCount "82"]
[EventDate "2012.11.25"]

1. d4 Nf6 2. c4 e6 3. Nf3 b6 4. a3 Bb7 5. Nc3 d5 6. cxd5 Nxd5 7. Qc2 Nxc3 8.
bxc3 Nd7 9. e4 c5 10. Bd3 cxd4 11. cxd4 Rc8 12. Qe2 Nf6 13. O-O Be7 14. Bb2 O-O
15. Rac1 Rxc1 16. Rxc1 Qa8 17. Re1 Re8 18. Ne5 a6 19. f4 b5 20. Bb1 Qd8 21. Qc2
Qa5 22. Re3 Rc8 23. Qb3 b4 24. f5 Nxe4 25. fxe6 f5 26. Ba2 Nd2 27. Qd3 b3 28.
Bxb3 Nxb3 29. Qxb3 Bd5 30. Qd3 Be4 31. Qf1 Qd5 32. Re2 Qxe6 33. Qf4 Bd6 34. Qe3
Rb8 35. Qf2 Qa2 36. h3 Bxa3 37. Bxa3 Qxa3 38. Ra2 Qc1+ 39. Kh2 Rb1 40. Rxa6 Rb2
41. d5 h6 0-1

[Event "Pribina - TPK Cup   Mistrovství ÈR junio"]
[Site "Havlíèkùv Brod - hotel Slunce"]
[Date "2012.11.29"]
[Round "7.8"]
[White "Krejèí, Martin"]
[Black "Malý, Marek"]
[Result "1/2-1/2"]
[WhiteElo "1934"]
[BlackElo "2143"]
[PlyCount "28"]
[EventDate "2012.11.25"]

1. e4 e6 2. d4 d5 3. e5 c5 4. c3 Nc6 5. Nf3 Bd7 6. a3 f6 7. b4 fxe5 8. dxe5 Qc7
9. Bf4 Nge7 10. Bd3 c4 11. Bc2 g6 12. O-O Bg7 13. Re1 O-O 14. Qd2 Nd8 1/2-1/2

[Event "Pribina - TPK Cup   Mistrovství ÈR junio"]
[Site "Havlíèkùv Brod - hotel Slunce"]
[Date "2012.11.29"]
[Round "7.9"]
[White "Kozel, Jiøí"]
[Black "Stachoò, Martin"]
[Result "0-1"]
[WhiteElo "2051"]
[BlackElo "2127"]
[PlyCount "47"]
[EventDate "2012.11.25"]

1. e4 c5 2. Nf3 e6 3. d4 cxd4 4. Nxd4 a6 5. Nc3 Qc7 6. Bd3 Nf6 7. O-O Nc6 8.
Nxc6 dxc6 9. f4 e5 10. f5 Bc5+ 11. Kh1 h5 12. Qf3 Ng4 13. Bg5 Bd7 14. h3 Nf6
15. Bxf6 gxf6 16. Bc4 b5 17. Bb3 Ke7 18. Rad1 Rag8 19. Rd2 a5 20. Rfd1 Bc8 21.
Ne2 Rg5 22. a4 Rhg8 23. Nc1 Bb4 24. Ba2 0-1

[Event "Pribina - TPK Cup   Mistrovství ÈR junio"]
[Site "Havlíèkùv Brod - hotel Slunce"]
[Date "2012.11.29"]
[Round "7.10"]
[White "Pùlpán, Jakub"]
[Black "Dobeš, Vojtìch"]
[Result "1-0"]
[WhiteElo "2099"]
[BlackElo "2055"]
[PlyCount "63"]
[EventDate "2012.11.25"]

1. e4 c5 2. Nf3 Nf6 3. Nc3 Nc6 4. Bb5 e5 5. Bxc6 dxc6 6. d3 Qc7 7. h3 Be7 8.
O-O Nd7 9. Qe2 Nf8 10. Bd2 Ne6 11. Rae1 O-O 12. Nd1 Nd4 13. Nxd4 cxd4 14. f4
exf4 15. Bxf4 Qa5 16. a3 c5 17. Rf3 b5 18. Ref1 Be6 19. Rg3 Kh8 20. Qh5 Qd8 21.
Rxg7 Kxg7 22. Bh6+ Kh8 23. Qe5+ f6 24. Qxe6 Rg8 25. Nf2 Rb8 26. Ng4 Rb6 27. Qf7
Rg6 28. Rf5 Rxh6 29. Nxh6 Qf8 30. Qh5 Qg7 31. Rf4 Qg6 32. Rg4 1-0

[Event "Pribina - TPK Cup   Mistrovství ÈR junio"]
[Site "Havlíèkùv Brod - hotel Slunce"]
[Date "2012.11.29"]
[Round "7.11"]
[White "Toman, Ondøej"]
[Black "Šlampa, Jan"]
[Result "1-0"]
[WhiteElo "2101"]
[BlackElo "2024"]
[PlyCount "63"]
[EventDate "2012.11.25"]

1. e4 c5 2. Nc3 d6 3. f4 Nc6 4. Nf3 g6 5. Bc4 Bg7 6. O-O a6 7. d3 b5 8. Bd5 Bd7
9. f5 Nf6 10. Ng5 Nxd5 11. fxg6 hxg6 12. Nxd5 Ne5 13. Bf4 Be6 14. Nxe6 fxe6 15.
Ne3 Kd7 16. c3 Bh6 17. d4 Bxf4 18. Rxf4 g5 19. Rf2 cxd4 20. cxd4 Ng6 21. d5 Qg8
22. Rc1 Nf4 23. Rfc2 Qg6 24. dxe6+ Nxe6 25. Nd5 Rab8 26. Qd3 Qh7 27. h3 Rb7 28.
Qc3 Rhb8 29. e5 Qe4 30. Qc6+ Kd8 31. exd6 Qd4+ 32. Kh1 1-0

[Event "Pribina - TPK Cup   Mistrovství ÈR junio"]
[Site "Havlíèkùv Brod - hotel Slunce"]
[Date "2012.11.29"]
[Round "7.12"]
[White "Janèaøík, Joel"]
[Black "Marek, Matyáš"]
[Result "1-0"]
[WhiteElo "2242"]
[BlackElo "1973"]
[PlyCount "95"]
[EventDate "2012.11.25"]

1. e4 d6 2. d4 Nf6 3. Nc3 e5 4. Nge2 Nbd7 5. h3 h6 6. g4 Be7 7. Bg2 c6 8. a4 a5
9. Be3 Nf8 10. f4 exf4 11. Nxf4 Ne6 12. Qf3 Nxf4 13. Bxf4 Nh7 14. O-O-O O-O 15.
Kb1 Ng5 16. Qf2 Ne6 17. Be3 Nc7 18. Bf3 b5 19. h4 g6 20. Bf4 Kg7 21. Bc1 Rb8
22. g5 h5 23. d5 b4 24. Ne2 cxd5 25. exd5 b3 26. cxb3 Bf5+ 27. Ka2 Bc2 28. Nd4
Bxd1 29. Rxd1 Na6 30. Bd2 Qb6 31. Bc3 Kg8 32. Rg1 Nc5 33. Qc2 Rfc8 34. Bxh5
Nxb3 35. Qxb3 Qxb3+ 36. Nxb3 gxh5 37. Nxa5 Rc5 38. Nc6 Rb7 39. Re1 Kf8 40. a5
Rc7 41. Rd1 Rc4 42. Rd4 Rxd4 43. Bxd4 Rc8 44. b4 Ke8 45. b5 Kd7 46. Kb3 Bd8 47.
Kb4 Ra8 48. b6 1-0

[Event "Pribina - TPK Cup   Mistrovství ÈR junio"]
[Site "Havlíèkùv Brod - hotel Slunce"]
[Date "2012.11.29"]
[Round "7.14"]
[White "Hrdina, Robin"]
[Black "Hánl, František"]
[Result "0-1"]
[WhiteElo "2007"]
[BlackElo "1917"]
[PlyCount "70"]
[EventDate "2012.11.25"]

1. d4 c5 2. d5 Nf6 3. c4 b5 4. cxb5 a6 5. bxa6 Bxa6 6. Nc3 g6 7. Nf3 Bg7 8. e4
Bxf1 9. Kxf1 d6 10. g3 O-O 11. Kg2 Nbd7 12. Qe2 Ng4 13. h3 Nge5 14. Nxe5 Nxe5
15. f4 Nd7 16. h4 Qa5 17. Bd2 Qb4 18. a3 Qb7 19. Rab1 Rfb8 20. h5 Qa6 21. Qf3
Rb3 22. hxg6 hxg6 23. Qd1 Rab8 24. Qc2 c4 25. Be3 Qb7 26. Nd1 c3 27. Re1 cxb2
28. Re2 Rxa3 29. Nxb2 Rb3 30. Bc1 Nc5 31. Qc4 Rb4 32. Qc2 Na4 33. Nxa4 Rxb1 34.
Nc3 Bxc3 35. Qxc3 Rc8 0-1

[Event "Pribina - TPK Cup   Mistrovství ÈR junio"]
[Site "Havlíèkùv Brod - hotel Slunce"]
[Date "2012.11.29"]
[Round "7.15"]
[White "Walek, Petr"]
[Black "Pospíšil, Martin"]
[Result "0-1"]
[WhiteElo "1969"]
[BlackElo "2007"]
[PlyCount "72"]
[EventDate "2012.11.25"]

1. e4 c5 2. Nf3 d6 3. d4 cxd4 4. Nxd4 Nf6 5. Nc3 g6 6. Be3 Bg7 7. f3 O-O 8. Qd2
Nc6 9. O-O-O Nxd4 10. Bxd4 Be6 11. Kb1 Qc7 12. g4 Rfc8 13. h4 Qa5 14. a3 Rab8
15. h5 b5 16. h6 b4 17. Nb5 Rxb5 18. Bxb5 Qxb5 19. hxg7 bxa3 20. Qd3 Qc6 21. b3
a5 22. Bxf6 exf6 23. Rh6 Kxg7 24. Rdh1 a2+ 25. Kb2 Rc7 26. Rxh7+ Kf8 27. R7h2
a4 28. Rd1 axb3 29. cxb3 Bxb3 30. Qxd6+ Qxd6 31. Rxd6 Be6 32. Rb6 Rc1 33. Ra6
Rb1+ 34. Kc2 a1=Q 35. Rxa1 Rxa1 36. Rh8+ Kg7 0-1

[Event "Pribina - TPK Cup   Mistrovství ÈR junio"]
[Site "Havlíèkùv Brod - hotel Slunce"]
[Date "2012.11.29"]
[Round "7.16"]
[White "Richterová, Nataša"]
[Black "Zezula, Rudolf"]
[Result "1/2-1/2"]
[WhiteElo "1945"]
[BlackElo "1995"]
[PlyCount "80"]
[EventDate "2012.11.25"]

1. e4 c5 2. Nf3 Nc6 3. Bb5 g6 4. Bxc6 bxc6 5. O-O Bg7 6. c3 f6 7. d4 cxd4 8.
cxd4 Nh6 9. Nc3 Nf7 10. Re1 d6 11. h3 O-O 12. Bf4 Qa5 13. Qd2 Qh5 14. Ne2 g5
15. Bh2 Qg6 16. Ng3 Bd7 17. Nf5 Rae8 18. Qa5 e5 19. d5 cxd5 20. Nxg7 Kxg7 21.
Qxd5 Rb8 22. b3 Rb5 23. Qd3 Rc5 24. Rac1 Bb5 25. Qe3 Rfc8 26. Rxc5 Rxc5 27. a4
Bc6 28. Nd2 f5 29. exf5 Qxf5 30. Nc4 Qg6 31. f3 h5 32. Rd1 g4 33. hxg4 hxg4 34.
fxg4 Qxg4 35. Qg3 Qxg3 36. Bxg3 Rd5 37. Rxd5 Bxd5 38. Nxd6 Nxd6 39. Bxe5+ Kg6
40. Bxd6 Bxb3 1/2-1/2

[Event "Pribina - TPK Cup   Mistrovství ÈR junio"]
[Site "Havlíèkùv Brod - hotel Slunce"]
[Date "2012.11.29"]
[Round "7.17"]
[White "Malèánek, Jan"]
[Black "Šroubová, Lenka"]
[Result "1-0"]
[WhiteElo "1991"]
[BlackElo "1790"]
[PlyCount "71"]
[EventDate "2012.11.25"]

1. e4 Nf6 2. e5 Nd5 3. d4 d6 4. c4 Nb6 5. exd6 cxd6 6. Nc3 g6 7. Be3 Bg7 8. h3
O-O 9. Nf3 Nc6 10. Be2 Nd7 11. Rc1 f5 12. Qd2 Nf6 13. d5 Ne5 14. Nd4 Ne4 15.
Nxe4 fxe4 16. a3 Qe8 17. Nb5 Qf7 18. Nxa7 Bd7 19. b3 Qf6 20. a4 Rf7 21. Nb5
Bxb5 22. cxb5 e6 23. b6 Qf5 24. dxe6 Qxe6 25. Qb4 d5 26. O-O Nc6 27. Qb5 Kh8
28. Bg4 Qe5 29. Rxc6 bxc6 30. Qxc6 Raf8 31. Rd1 Qb2 32. Qxd5 Rxf2 33. Qxe4 Rc2
34. b4 Rc3 35. Bd4 Bxd4+ 36. Qxd4+ 1-0

[Event "Pribina - TPK Cup   Mistrovství ÈR junio"]
[Site "Havlíèkùv Brod - hotel Slunce"]
[Date "2012.11.29"]
[Round "7.18"]
[White "Rojíková, Lenka"]
[Black "Krátký, Josef"]
[Result "1/2-1/2"]
[WhiteElo "1866"]
[BlackElo "1977"]
[PlyCount "43"]
[EventDate "2012.11.25"]

1. e4 d6 2. d4 Nf6 3. Nc3 Nbd7 4. f4 e5 5. Nf3 exd4 6. Nxd4 g6 7. Be2 Bg7 8.
O-O O-O 9. Bf3 Re8 10. Nb3 Nb6 11. a4 a5 12. Nd4 c6 13. b3 d5 14. e5 Nfd7 15.
Ba3 Nf8 16. Qd2 f6 17. exf6 Qxf6 18. Nce2 Ne6 19. Rad1 Nxd4 20. Nxd4 Bf5 21.
Bc5 Nd7 22. Nxf5 1/2-1/2

[Event "Pribina - TPK Cup   Mistrovství ÈR junio"]
[Site "Havlíèkùv Brod - hotel Slunce"]
[Date "2012.11.29"]
[Round "7.19"]
[White "Franìk, Jan"]
[Black "Kopøiva, Martin"]
[Result "1/2-1/2"]
[WhiteElo "1976"]
[BlackElo "1776"]
[PlyCount "44"]
[EventDate "2012.11.25"]

1. e4 c5 2. Nf3 d6 3. d4 cxd4 4. Nxd4 Nf6 5. Nc3 a6 6. Bc4 e6 7. Be3 Qc7 8. Qe2
b5 9. Bb3 Bb7 10. O-O-O Nc6 11. g4 Nd7 12. Rhe1 Nc5 13. f4 Be7 14. f5 b4 15.
Na4 Nxd4 16. Rxd4 a5 17. fxe6 Nxb3+ 18. axb3 fxe6 19. g5 O-O 20. Qg4 e5 21. Rd2
Bc8 22. Qh5 Ra6 1/2-1/2

[Event "Pribina - TPK Cup   Mistrovství ÈR junio"]
[Site "Havlíèkùv Brod - hotel Slunce"]
[Date "2012.11.29"]
[Round "7.20"]
[White "Alfimov, Igor"]
[Black "Kaòáková, Natálie"]
[Result "1-0"]
[WhiteElo "1961"]
[BlackElo "1654"]
[PlyCount "67"]
[EventDate "2012.11.25"]

1. d4 Nf6 2. c4 e6 3. Nf3 b6 4. g3 Bb7 5. Bg2 Bb4+ 6. Nbd2 O-O 7. O-O Bxd2 8.
Qxd2 Ne4 9. Qc2 d5 10. Bf4 c5 11. Rfd1 Nc6 12. dxc5 bxc5 13. cxd5 exd5 14. Be3
Qe7 15. a3 Rac8 16. Rac1 Na5 17. Bh3 Rc7 18. Bf4 Nd6 19. Bxd6 Qxd6 20. b4 Qh6
21. Bg2 Nc4 22. Nd2 cxb4 23. axb4 Rfc8 24. Nb3 Ne3 25. Qxc7 Rxc7 26. Rxc7 Nxd1
27. Rxb7 Qd6 28. Bxd5 g6 29. e4 Nc3 30. Bxf7+ Kh8 31. Nc5 Qd1+ 32. Kg2 Qd4 33.
Rb8+ Kg7 34. Ne6+ 1-0

[Event "Pribina - TPK Cup   Mistrovství ÈR junio"]
[Site "Havlíèkùv Brod - hotel Slunce"]
[Date "2012.11.29"]
[Round "7.21"]
[White "Škuthan, Jiøí"]
[Black "Maøíková, Jana"]
[Result "0-1"]
[WhiteElo "1782"]
[BlackElo "2002"]
[PlyCount "62"]
[EventDate "2012.11.25"]

1. e4 c5 2. Nf3 d6 3. d4 cxd4 4. Nxd4 Nf6 5. Nc3 a6 6. Be3 e5 7. Nb3 Be6 8. Qd2
Be7 9. f3 O-O 10. O-O-O Nbd7 11. g4 b5 12. h4 b4 13. Nd5 Bxd5 14. exd5 a5 15.
h5 a4 16. Na1 Nb6 17. Bxb6 Qxb6 18. g5 Nd7 19. Bd3 a3 20. Bxh7+ Kxh7 21. g6+
fxg6 22. Nb3 axb2+ 23. Kxb2 Qa6 24. Rdg1 g5 25. Rxg5 Bxg5 26. Qxg5 Rf6 27. Rg1
Rg8 28. h6 g6 29. f4 Qc4 30. f5 Qf4 31. fxg6+ Rgxg6 0-1

[Event "Pribina - TPK Cup   Mistrovství ÈR junio"]
[Site "Havlíèkùv Brod - hotel Slunce"]
[Date "2012.11.29"]
[Round "7.22"]
[White "Schaffer, Ondøej"]
[Black "Pýcha, Patrik"]
[Result "0-1"]
[WhiteElo "1748"]
[BlackElo "1946"]
[PlyCount "60"]
[EventDate "2012.11.25"]

1. d4 e6 2. c4 d5 3. Nc3 Nf6 4. Bg5 Be7 5. Nf3 O-O 6. e3 h6 7. Bh4 b6 8. Bd3
Bb7 9. O-O Nbd7 10. cxd5 Nxd5 11. Bxe7 Qxe7 12. Rc1 c5 13. a3 Rfd8 14. Nxd5
exd5 15. Bb1 Nf6 16. Re1 Rac8 17. Qd3 Ne4 18. Nd2 c4 19. Qc2 f5 20. Nxe4 fxe4
21. Ba2 b5 22. Qc3 Rf8 23. Qa5 Bc6 24. Rc2 Rf6 25. Rec1 Rcf8 26. Qc3 Rg6 27.
Qe1 Bd7 28. Kh1 Qg5 29. Qg1 Bh3 30. g3 Qg4 0-1

[Event "Pribina - TPK Cup   Mistrovství ÈR junio"]
[Site "Havlíèkùv Brod - hotel Slunce"]
[Date "2012.11.29"]
[Round "7.23"]
[White "Bobek, Daniel"]
[Black "Sabolová, Kristýna"]
[Result "0-1"]
[WhiteElo "1629"]
[BlackElo "1883"]
[PlyCount "129"]
[EventDate "2012.11.25"]

1. e4 c6 2. d4 d5 3. exd5 cxd5 4. Bd3 Nf6 5. Bf4 Nc6 6. c3 g6 7. Qc2 Bg7 8. Nf3
O-O 9. Nbd2 Nh5 10. Bg5 Qc7 11. O-O f6 12. Bh4 e5 13. Ne1 e4 14. Nxe4 dxe4 15.
Bxe4 Bd7 16. Bf3 Nf4 17. Bg3 Bh6 18. Qb3+ Kh8 19. Nd3 g5 20. Bxf4 gxf4 21. Rfe1
Rae8 22. Bh5 Rxe1+ 23. Rxe1 b6 24. Nb4 Qd6 25. Nxc6 Bxc6 26. Qe6 Qxe6 27. Rxe6
Bd5 28. Re7 Rg8 29. g3 fxg3 30. hxg3 a5 31. b3 a4 32. c4 axb3 33. axb3 Bf8 34.
Ra7 Be4 35. Ra6 Rg5 36. Be2 Ra5 37. Rxa5 bxa5 38. Bd1 Kg7 39. f3 Bd3 40. Kf2 a4
41. bxa4 Bxc4 42. Bc2 h6 43. Ke3 Bd6 44. g4 Kf7 45. Be4 Bb4 46. Bc2 Ke6 47.
Bf5+ Kd6 48. Bc2 Be6 49. Ke4 Ba5 50. Ke3 Bd5 51. Kf4 Bd2+ 52. Kf5 Bxf3 53. Kxf6
Bxg4 54. Be4 Bd7 55. Kg6 Bxa4 56. Kh5 Bd1+ 57. Kh4 Be3 58. Kh3 Bxd4 59. Kh2 Ke5
60. Bb7 Kf4 61. Kh1 h5 62. Kg2 Be2 63. Bc6 h4 64. Kh2 Bg4 65. Bg2 0-1

[Event "Pribina - TPK Cup   Mistrovství ÈR junio"]
[Site "Havlíèkùv Brod - hotel Slunce"]
[Date "2012.11.29"]
[Round "7.24"]
[White "Szücs, Matyáš"]
[Black "Kuchaø, Tomáš"]
[Result "1/2-1/2"]
[WhiteElo "1934"]
[BlackElo "1697"]
[PlyCount "125"]
[EventDate "2012.11.25"]

1. Nf3 Nf6 2. g3 g6 3. b3 Bg7 4. Bb2 O-O 5. Bg2 d5 6. d4 Ne4 7. O-O c5 8. e3
Bg4 9. h3 Bxf3 10. Bxf3 Nc6 11. c4 e6 12. cxd5 exd5 13. Na3 cxd4 14. exd4 Qb6
15. Bxe4 dxe4 16. Nc4 Qc7 17. d5 Bxb2 18. Nxb2 Rad8 19. Nc4 b5 20. Ne3 Ne5 21.
Qe2 Qd7 22. Ng4 Nxg4 23. hxg4 Qxd5 24. Rfd1 Qb7 25. Re1 Rfe8 26. Qe3 a6 27.
Rad1 Rxd1 28. Rxd1 Qc6 29. Re1 Qc2 30. Re2 Qd1+ 31. Kg2 Re6 32. g5 Qd3 33. Qxd3
exd3 34. Rd2 Re2 35. Rxd3 Rxa2 36. Rd8+ Kg7 37. Rd7 Ra3 38. Ra7 a5 39. Kh2 b4
40. Kg2 h6 41. f4 hxg5 42. fxg5 Rxb3 43. Rxa5 Rc3 44. Rb5 b3 45. Kh3 Kf8 46.
Rb7 Kg7 47. Rb8 f5 48. Rb7+ Kf8 49. Kg2 Rc2+ 50. Kf3 b2 51. Kf4 Re2 52. Kf3 Re4
53. Rxb2 Rg4 54. Rb7 Rxg5 55. Rh7 Rg4 56. Ra7 Re4 57. Rb7 Re7 58. Rb6 Kf7 59.
g4 Re6 60. Rb5 Kf6 61. Rc5 Re5 62. g5+ Ke6 63. Rc6+ 1/2-1/2

[Event "Pribina - TPK Cup   Mistrovství ÈR junio"]
[Site "Havlíèkùv Brod - hotel Slunce"]
[Date "2012.11.29"]
[Round "7.25"]
[White "Danìk, Daniel"]
[Black "Rùžièka, Václav"]
[Result "1-0"]
[WhiteElo "1802"]
[BlackElo "2072"]
[PlyCount "71"]
[EventDate "2012.11.25"]

1. d4 d5 2. Nf3 Nf6 3. e3 c6 4. Bd3 e6 5. O-O Bd6 6. Ne5 Nbd7 7. f4 O-O 8. b3
c5 9. Bb2 b6 10. Nd2 Bb7 11. Qf3 Qc7 12. Qh3 Ne4 13. Ndf3 Ndf6 14. Kh1 b5 15.
dxc5 Bxc5 16. Nd4 a6 17. Ng4 Be7 18. Nxf6+ Bxf6 19. Qg4 Qe7 20. a4 b4 21. f5 e5
22. Nf3 Nc5 23. Nxe5 Kh8 24. Qh3 h6 25. Ng4 Bxb2 26. f6 Qc7 27. Nxh6 Nxd3 28.
Nf5+ Kg8 29. Ne7+ Qxe7 30. fxe7 Rfe8 31. cxd3 Bxa1 32. Rxa1 Rxe7 33. Rf1 Rc8
34. Qg4 a5 35. h3 Rxe3 36. Qd7 1-0

[Event "Pribina - TPK Cup   Mistrovství ÈR junio"]
[Site "Havlíèkùv Brod - hotel Slunce"]
[Date "2012.11.29"]
[Round "7.26"]
[White "Macková, Veronika"]
[Black "Kratochvíl, Vít"]
[Result "0-1"]
[WhiteElo "1724"]
[BlackElo "1944"]
[PlyCount "174"]
[EventDate "2012.11.25"]

1. c4 c5 2. Nc3 Nc6 3. Nf3 g6 4. g3 Bg7 5. Bg2 d6 6. O-O Bd7 7. a3 Qc8 8. d3
Bh3 9. Qc2 h5 10. Rb1 h4 11. Nd5 hxg3 12. fxg3 Bxg2 13. Kxg2 Qh3+ 14. Kf2 Rc8
15. Nf4 Qd7 16. Ke1 Nf6 17. Be3 Ne5 18. Bg1 Nxf3+ 19. Rxf3 Qc6 20. Kd2 Bh6 21.
Kd1 g5 22. Nd5 Nxd5 23. cxd5 Qxd5 24. Qc4 Qxc4 25. dxc4 Bg7 26. Kc2 Rh6 27.
Rbf1 Bf6 28. e4 Rc6 29. Rb3 Rc7 30. Rbf3 Kd7 31. Rd1 Ke6 32. Rd5 Be5 33. Rd2
Rf6 34. Rxf6+ Bxf6 35. Be3 Rc8 36. Kd3 Rb8 37. b4 cxb4 38. axb4 a6 39. Rf2 Rh8
40. Ra2 Kd7 41. Bg1 Be5 42. Be3 f6 43. Bd4 Ke6 44. Ke3 Rc8 45. Kd3 Rh8 46. Ke3
Rh3 47. Bxe5 dxe5 48. Rf2 Rh8 49. Rd2 g4 50. c5 Ra8 51. Ra2 Rd8 52. c6 bxc6 53.
Rxa6 Kd7 54. Ra7+ Kd6 55. Ra6 Rb8 56. Ra4 e6 57. Kd3 f5 58. Ke3 Rb7 59. exf5
exf5 60. Kd3 Kd5 61. Ra5+ Rb5 62. Ra4 f4 63. gxf4 exf4 64. Ke2 Ke4 65. Kf2 Kd4
66. Ra6 Kd5 67. Ra4 Kc4 68. Ra6 Kd5 69. Ra4 Ke4 70. Ra6 Rxb4 71. Rxc6 Rb2+ 72.
Kg1 Re2 73. Rc1 f3 74. Rc4+ Ke3 75. Rc3+ Kd2 76. Ra3 Re3 77. Ra2+ Kd3 78. Ra3+
Ke4 79. Ra4+ Kf5 80. Ra5+ Kf4 81. Ra4+ Re4 82. Rxe4+ Kxe4 83. Kf2 Kf4 84. Kf1
Ke3 85. Ke1 f2+ 86. Kf1 Kf3 87. h3 g3 0-1

[Event "Pribina - TPK Cup   Mistrovství ÈR junio"]
[Site "Havlíèkùv Brod - hotel Slunce"]
[Date "2012.11.29"]
[Round "7.27"]
[White "Zpìváková, Jana"]
[Black "Šaffová, Michaela"]
[Result "1-0"]
[WhiteElo "1921"]
[BlackElo "1743"]
[PlyCount "79"]
[EventDate "2012.11.25"]

1. d4 f5 2. g3 Nf6 3. Bg2 d5 4. Nf3 e6 5. O-O Bd6 6. b3 O-O 7. Ba3 Na6 8. Bxd6
Qxd6 9. e3 c5 10. Nbd2 cxd4 11. exd4 Bd7 12. Ne5 Rac8 13. c4 Bc6 14. c5 Qe7 15.
a3 Nc7 16. Re1 Nb5 17. Ndf3 Nc3 18. Qc2 Nce4 19. b4 a6 20. Bf1 Be8 21. Nd3 Bb5
22. Nfe5 Nd7 23. Nxd7 Bxd3 24. Qxd3 Qxd7 25. a4 Qf7 26. f3 Nf6 27. Qe3 Rfe8 28.
b5 axb5 29. axb5 Nd7 30. f4 Nf6 31. Ra7 Re7 32. Qa3 Rec7 33. Rc1 Ne4 34. b6 Rc6
35. Bb5 Qf6 36. Rd1 Rxc5 37. dxc5 Rxc5 38. Ra8+ Kf7 39. Be8+ Ke7 40. Qa4 1-0

[Event "Pribina - TPK Cup   Mistrovství ÈR junio"]
[Site "Havlíèkùv Brod - hotel Slunce"]
[Date "2012.11.29"]
[Round "7.28"]
[White "Jurèa, Marek"]
[Black "Suchomelová, Simona"]
[Result "1/2-1/2"]
[WhiteElo "1893"]
[BlackElo "1757"]
[PlyCount "84"]
[EventDate "2012.11.25"]

1. d4 Nf6 2. c4 g6 3. Nc3 Bg7 4. e4 d6 5. f3 O-O 6. Be3 Nbd7 7. Qd2 e5 8. Nge2
Nb6 9. b3 exd4 10. Nxd4 Be6 11. Nxe6 fxe6 12. Be2 Qe7 13. Rd1 Rfd8 14. O-O e5
15. Nd5 Nbxd5 16. cxd5 c5 17. dxc6 bxc6 18. Qa5 Rd7 19. Bc4+ Kh8 20. Rd3 Nh5
21. Bc1 Nf4 22. Rd2 Ne6 23. Bxe6 Qxe6 24. Ba3 Rad8 25. Qa6 Bh6 26. Rc2 Be3+ 27.
Kh1 c5 28. Bxc5 Rc7 29. b4 Qc8 30. Qxc8 Rdxc8 31. Bxe3 Rxc2 32. f4 R8c3 33.
Bxa7 Rxa2 34. Bb8 exf4 35. Bxd6 Rc4 36. Re1 Rcc2 37. Bxf4 Rxg2 38. b5 Rge2 39.
Rxe2 Rxe2 40. b6 Re1+ 41. Kg2 Rb1 42. Bc7 Rb3 1/2-1/2

[Event "Pribina - TPK Cup   Mistrovství ÈR junio"]
[Site "Havlíèkùv Brod - hotel Slunce"]
[Date "2012.11.29"]
[Round "7.29"]
[White "Chromík, Tomáš"]
[Black "Fusková, Martina"]
[Result "1/2-1/2"]
[WhiteElo "1889"]
[BlackElo "1716"]
[PlyCount "47"]
[EventDate "2012.11.25"]

1. e4 c5 2. Nf3 Nc6 3. d4 cxd4 4. Nxd4 e5 5. Nb5 d6 6. N1c3 a6 7. Na3 Be7 8.
Nc4 b5 9. Ne3 Nf6 10. g3 O-O 11. Bg2 b4 12. Ncd5 Nxd5 13. Nxd5 Bg5 14. O-O Rb8
15. Qd3 a5 16. Bxg5 Qxg5 17. a3 bxa3 18. Rxa3 Be6 19. f4 Qd8 20. b3 Nd4 21. Ne3
Qb6 22. Kh1 Rfc8 23. f5 Bd7 24. Nd5 1/2-1/2

[Event "Pribina - TPK Cup   Mistrovství ÈR junio"]
[Site "Havlíèkùv Brod - hotel Slunce"]
[Date "2012.11.29"]
[Round "7.30"]
[White "Navrátil, Marek"]
[Black "Skoøepa, Jakub"]
[Result "1/2-1/2"]
[WhiteElo "1861"]
[BlackElo "1702"]
[PlyCount "58"]
[EventDate "2012.11.25"]

1. e4 c6 2. d4 d5 3. exd5 cxd5 4. c4 Nf6 5. Nc3 e6 6. Nf3 Nc6 7. a3 Be7 8. c5
O-O 9. Bb5 Qc7 10. O-O b6 11. Bxc6 Qxc6 12. Ne5 Qb7 13. c6 Qb8 14. Bf4 Ba6 15.
Re1 Bd6 16. b4 b5 17. Rc1 Rc8 18. Ne2 Qb6 19. Ng3 Qc7 20. Nh5 Nxh5 21. Qxh5 f6
22. Qg4 fxe5 23. dxe5 Bf8 24. Qxe6+ Qf7 25. Qg4 Re8 26. e6 Qg6 27. Qxg6 hxg6
28. Bg5 Be7 29. Bf4 Bc8 1/2-1/2

[Event "Pribina - TPK Cup   Mistrovství ÈR junio"]
[Site "Havlíèkùv Brod - hotel Slunce"]
[Date "2012.11.29"]
[Round "7.31"]
[White "Johnová, Eliška"]
[Black "Skoøepa, Tomáš"]
[Result "1-0"]
[WhiteElo "1848"]
[BlackElo "1695"]
[PlyCount "67"]
[EventDate "2012.11.25"]

1. e4 d5 2. exd5 Qxd5 3. Nc3 Qa5 4. Bc4 Bf5 5. Nf3 e6 6. O-O Nf6 7. d4 c6 8.
Re1 Be7 9. h3 O-O 10. Nh4 Bg6 11. Nxg6 hxg6 12. Qe2 Nd5 13. Nxd5 cxd5 14. Bd3
Bf6 15. c3 Qc7 16. g3 Nc6 17. Bf4 Qd7 18. Qg4 a6 19. Kg2 b5 20. h4 Rfe8 21. Rh1
b4 22. h5 gxh5 23. Qxh5 Kf8 24. g4 bxc3 25. bxc3 g6 26. Qh7 Bg7 27. Bh6 Bxh6
28. Rxh6 Qa7 29. Re1 Ne7 30. Qh8+ Ng8 31. Rh7 Ke7 32. Bxg6 Rf8 33. Qe5 Rad8 34.
Qxe6# 1-0